[Event "LSS RA-2009-0-00058"]
[Site "LSS email"]
[Date "2009.08.04"]
[Round "?"]
[White "Nicolenco, Sergey"]
[Black "Ould Ahmed, Samy"]
[Result "1/2-1/2"]
[WhiteElo "2129"]
[BlackElo "2099"]
[PlyCount "76"]
[EventDate "2009.06.30"]
[EventType "tourn (corr)"]
[EventRounds "6"]
[EventCountry "GER"]
[SourceTitle "Telechess CBM 137"]
[Source "ChessBase"]
[SourceDate "2010.07.15"]
[SourceVersion "1"]
[SourceVersionDate "2010.07.15"]
[SourceQuality "1"]

1. e4 c5 2. Nf3 d6 3. d4 cxd4 4. Nxd4 Nf6 5. Nc3 a6 6. Bc4 e6 7. Bb3 b5 8. 0-0 Be7 9. Qf3 Qc7 10. Qg3 0-0 11. Bh6 Ne8 12. Rad1 Bd7 13. a3 Nc6 14. Nf3 Na5 15. e5 Nxb3 16. cxb3 dxe5 17. Nxe5 Bc8 18. Rc1 Qb7 19. Rfd1 f6 20. Nd3 Bd6 21. Bf4 e5 22. Be3 Be6 23. Nc5 Bxc5 24. Bxc5 Rf7 25. b4 Rd7 26. Rxd7 Qxd7 27. Rd1 Qb7 28. f4 exf4 29. Qxf4 Rc8 30. h3 Qf7 31. Rd2 Rc7 32. Re2 Qd7 33. Qe4 Bf7 34. Qf3 Qc6 35. Qxc6 Rxc6 36. Rd2 Be6 37. Kf2 Kf7 38. g4 Rc7 1/2-1/2

[Event "LSS SA-2009-0-00075"]
[Site "LSS email"]
[Date "2009.08.03"]
[Round "?"]
[White "Aalderink, Gerwin"]
[Black "Nicolenco, Sergey"]
[Result "1/2-1/2"]
[WhiteElo "2090"]
[BlackElo "2108"]
[PlyCount "54"]
[EventDate "2009.07.17"]
[EventType "tourn (corr)"]
[EventRounds "6"]
[EventCountry "GER"]
[SourceTitle "Telechess CBM 137"]
[Source "ChessBase"]
[SourceDate "2010.07.15"]
[SourceVersion "1"]
[SourceVersionDate "2010.07.15"]
[SourceQuality "1"]

1. Nf3 d5 2. d4 Nf6 3. c4 e6 4. Nc3 c6 5. Bg5 Nbd7 6. cxd5 exd5 7. e3 Be7 8. Bd3 0-0 9. Qc2 Re8 10. 0-0 Nf8 11. Rae1 Ne4 12. Bxe7 Qxe7 13. Nd2 Nd6 14. e4 dxe4 15. Ndxe4 Be6 16. Nc5 h6 17. Re5 b6 18. Nxe6 Nxe6 19. d5 cxd5 20. Nxd5 Qd7 21. Rfe1 Rad8 22. Qc3 Qc8 23. Qb4 Nc5 24. Bc2 Rxe5 25. Rxe5 Kf8 26. g3 Re8 27. Rxe8+ Nxe8 1/2-1/2

[Event "LSS SA-2009-0-00075"]
[Site "LSS email"]
[Date "2009.08.03"]
[Round "?"]
[White "Nicolenco, Sergey"]
[Black "Agrafenin, Andrey Alexandrovic"]
[Result "1/2-1/2"]
[WhiteElo "2108"]
[BlackElo "2005"]
[PlyCount "87"]
[EventDate "2009.07.17"]
[EventType "tourn (corr)"]
[EventRounds "6"]
[EventCountry "GER"]
[SourceTitle "Telechess CBM 137"]
[Source "ChessBase"]
[SourceDate "2010.07.15"]
[SourceVersion "1"]
[SourceVersionDate "2010.07.15"]
[SourceQuality "1"]

1. e4 c5 2. Nf3 e6 3. d4 cxd4 4. Nxd4 a6 5. Nc3 b5 6. Bd3 Qb6 7. Nf3 Nc6 8. 0-0 Qb8 9. Re1 Bd6 10. h3 Nge7 11. Be3 0-0 12. Qd2 Ng6 13. Rad1 Be7 14. a4 b4 15. Na2 b3 16. cxb3 Qxb3 17. Nc3 Rb8 18. Rb1 Nge5 19. Nxe5 Nxe5 20. Be2 Nc4 21. Bxc4 Qxc4 22. Rbc1 Qb4 23. Red1 Rd8 24. Ba7 Rb7 25. Bd4 Rc7 26. Qe3 Rc6 27. Rc2 Bb7 28. Rcd2 d6 29. Qg3 Bf8 30. Be5 h6 31. Kh2 Rdc8 32. Bf4 Kh8 33. Bxd6 Bxd6 34. Rxd6 Rxd6 35. Rxd6 Qxb2 36. Rd7 Rxc3 37. Qb8+ Kh7 38. Rxf7 Rb3 39. Rf8 Bc6 40. Rh8+ Kg6 41. Qd6 Bxa4 42. f4 Rb6 43. f5+ Kg5 44. h4+ 1/2-1/2

[Event "LSS SA-2009-0-00075"]
[Site "LSS email"]
[Date "2009.08.03"]
[Round "?"]
[White "Nicolenco, Sergey"]
[Black "Rovchakov, Vladimir Petrovich"]
[Result "1-0"]
[WhiteElo "2126"]
[BlackElo "2096"]
[PlyCount "109"]
[EventDate "2009.07.17"]
[EventType "tourn (corr)"]
[EventRounds "6"]
[EventCountry "GER"]
[SourceTitle "Corr 2013"]
[Source "ChessBase"]
[SourceDate "2012.11.12"]
[SourceVersion "1"]
[SourceVersionDate "2012.11.12"]
[SourceQuality "1"]
[WhiteTeam "US of America"]
[BlackTeam "US of America"]
[WhiteTeamCountry "USA"]
[BlackTeamCountry "USA"]

1. e4 c5 2. Nf3 d6 3. d4 cxd4 4. Nxd4 Nf6 5. Nc3 a6 6. Be2 e5 7. Nb3 Be7 8. 0-0 0-0 9. Kh1 Be6 10. f4 Qc7 11. f5 Bc4 12. Bxc4 Qxc4 13. Qf3 b5 14. a3 Nbd7 15. g4 h6 16. g5 hxg5 17. Bxg5 Rfc8 18. Nd2 Qc6 19. Rg1 Kf8 20. Qh3 Ke8 21. Qh8+ Bf8 22. Bxf6 Nxf6 23. Rxg7 Qb7 24. Re1 a5 25. Rg3 Qe7 26. Nd5 Nxd5 27. exd5 Kd8 28. f6 Qe8 29. Ne4 Kc7 30. Qh3 Rab8 31. c3 Kb6 32. Rg7 Rc7 33. Rh7 Qc8 34. Qxc8 Rcxc8 35. Rxf7 b4 36. axb4 axb4 37. h4 Ra8 38. h5 Ra4 39. Re2 Ra7 40. Rxa7 Kxa7 41. Kg2 bxc3 42. bxc3 Rc7 43. Ra2+ Kb7 44. Kf3 Rh7 45. Kg4 Rh8 46. c4 Rh6 47. c5 dxc5 48. d6 Rh8 49. d7 Bh6 50. Nxc5+ Kc6 51. Ra6+ Kxc5 52. f7 Be3 53. Re6 Rd8 54. Re8 Rxd7 55. f8Q+ 1-0

[Event "LSS RA-2009-0-00057"]
[Site "LSS email"]
[Date "2009.07.28"]
[Round "?"]
[White "Kroes, Friso"]
[Black "Nicolenco, Sergey"]
[Result "1-0"]
[WhiteElo "2085"]
[BlackElo "2088"]
[PlyCount "107"]
[EventDate "2009.06.07"]
[EventType "tourn (corr)"]
[EventRounds "6"]
[EventCountry "GER"]
[SourceTitle "Corr 2011"]
[Source "ChessBase"]
[SourceDate "2010.08.31"]
[SourceVersion "1"]
[SourceVersionDate "2010.08.31"]
[SourceQuality "1"]

1. e4 c5 2. Nf3 d6 3. d4 cxd4 4. Nxd4 Nf6 5. Nc3 a6 6. Bg5 e6 7. f4 Qb6 8. Qd2 Qxb2 9. Rb1 Qa3 10. e5 h6 11. Bh4 dxe5 12. fxe5 Nfd7 13. Ne4 Qxa2 14. Rd1 Qd5 15. Qe3 Qxe5 16. Be2 Bc5 17. Bg3 Bxd4 18. Rxd4 Qa5+ 19. Rd2 0-0 20. Bd6 Rd8 21. Qg3 Qf5 22. Be5 Qg6 23. Qh4 Nc6 24. Bh5 Qf5 25. Bxg7 Nc5 26. Rxd8+ Nxd8 27. Nd6 Nd3+ 28. cxd3 Qa5+ 29. Ke2 Kxg7 30. Ne4 Bd7 31. Qf6+ Kh7 32. Bg6+ Kg8 33. Rf1 Qa2+ 34. Ke3 e5 35. Bh5 Qxg2 36. Qxh6 Qxf1 37. Nf6+ Qxf6 38. Qxf6 Rc8 39. Bf3 Ne6 40. Bxb7 Rc1 41. Bxa6 e4 42. Qb2 Rc5 43. dxe4 Rh5 44. Qg2+ Rg5 45. Qd2 Bc6 46. Qd6 Rc5 47. h4 Kg7 48. Qb8 Bd7 49. Be2 Kh7 50. Bg4 Kg7 51. Bf5 Rb5 52. Qa7 Bc8 53. Qa1+ Kf8 54. Qh8+ 1-0